Spôsoby upínania

Uložené v:
Podrobná bibliografia
Hlavný autor: Bíly, Jakub (Autor)
Ďalší autori: Peterka, Jozef (Vedúci práce)
Médium: Rukopis Kniha
Jazyk:Slovak
Vydavateľské údaje: 2020
Predmet:
On-line prístup:http://is.stuba.sk/zp/portal_zp.pl?podrobnosti=160311
Tagy: Pridať tag
Žiadne tagy, Buďte prvý, kto otaguje tento záznam!

MARC

LEADER 00000ntm a22000003a 4500
001 stuzp78383
003 SK-STU
005 20200718210833.2
007 ta
008 150427s2015----xo-----f-mn---000-0-slo-d
040 |a STU  |b slo 
041 0 |a slo 
100 1 |a Bíly, Jakub  |u 063000  |4 aut  |U MTF Materiálovotechnologická fakulta  |T MTF Ústav výrobných technológií  |X 93968  |U M3000  |Y 83  |7 93968 
242 0 1 |a Clamping methods  |y eng 
245 1 0 |a Spôsoby upínania 
260 |c 2020 
650 4 |a spôsoby upínania  |2 slo 
650 4 |a klieština  |2 slo 
650 4 |a prípravok  |2 slo 
650 4 |a 3D modelovanie  |2 slo 
650 4 |a collets  |2 eng 
650 4 |a clamping methods  |2 eng 
650 4 |a 3D modelling  |2 eng 
650 4 |a jig  |2 eng 
700 1 |a Peterka, Jozef  |u 063200  |k Z1  |4 ths  |U MTF Ústav výrobných technológií  |T MTF Katedra obrábania a počítačovej podpory technológií  |X 278  |U M3200  |Y 164  |7 A000000278 
856 4 |u http://is.stuba.sk/zp/portal_zp.pl?podrobnosti=160311 
996 |c M* BP-8771  |l MMSKP  |s P  |a 0  |w stuzp78383_0001